Jazz. Gli uomini, gli strumenti, gli stili 54 (Record n. 100344)

Dettagli MARC
000 -LEADER
fixed length control field 03136njm a2200493Ia 4500
001 - CONTROL NUMBER
control field 40460
003 - CONTROL NUMBER IDENTIFIER
control field IT-RoPAU
005 - DATE AND TIME OF LATEST TRANSACTION
control field 20220918181128.0
008 - FIXED-LENGTH DATA ELEMENTS--GENERAL INFORMATION
fixed length control field 131025s9999 xx 000 0 und d
040 ## - CATALOGING SOURCE
Original cataloging agency IT-RoPAU
040 ## - CATALOGING SOURCE
Transcribing agency IT-RoPAU
999 ## - SYSTEM CONTROL NUMBERS (KOHA)
Koha Dewey Subclass [OBSOLETE] n.d.
100 ## - MAIN ENTRY--PERSONAL NAME
Personal name AA.VV.
9 (RLIN) 794
100 ## - MAIN ENTRY--PERSONAL NAME
Relator term Autore musica
9 (RLIN) 21598
100 ## - MAIN ENTRY--PERSONAL NAME
Miscellaneous information Codice autore musica SPICS: 12000
9 (RLIN) 796
245 ## - TITLE STATEMENT
Title Jazz. Gli uomini, gli strumenti, gli stili 54
250 ## - EDITION STATEMENT
Edition statement 1a ed.
260 ## - PUBLICATION, DISTRIBUTION, ETC. (IMPRINT)
Place of publication, distribution, etc. MILANO
260 ## - PUBLICATION, DISTRIBUTION, ETC. (IMPRINT)
Name of publisher, distributor, etc. FRATELLI FABBRI EDITORI
Date of publication, distribution, etc. 1987 [1a Ed.:1987]
300 ## - PHYSICAL DESCRIPTION
Extent MUSICASSETTA
300 ## - PHYSICAL DESCRIPTION
Dimensions 46 minuti (Testo: pag.)
500 ## - GENERAL NOTE
General note Musica jazz
505 ## - FORMATTED CONTENTS NOTE
Formatted contents note A. Handful of Stars [(Los Angeles, 4.3.1956) (6:00)] - The Goof and I (5:00) - Thanks For the Memory (4:00) - All the Things You Are (6:00) - Stairway To the Stars (5:00) - I've Got the World On A String (7:00) - Susie's Blues (6:00) - Kean and Peacy [(Hollywood, 22.12.1947) (3:00)]
511 ## - PARTICIPANT OR PERFORMER NOTE
Participant or performer note Chaloff Serge: bar; Clark Sonny: p; Vinnegar Leroy: cb; Jones Philly Joe: batt; Serge Chaloff Quartet
511 ## - PARTICIPANT OR PERFORMER NOTE
Participant or performer note Fichelson Stan: tr; Glow Bernie: tr; Markowitz Irv: tr; Rogers Shorty: tr; Royal Ernie: tr; Swift Bob: tbne; Swope Earl: tbne; Wilson Ollie: tbne; Herman Woody: cl, alto; Marowitz Sam: alto; Getz Stan: ten; Sims Zoot: ten; Chaloff Serge: bar; Otis Fred: p; Burns Ralph: p; Sargent Gene: chit; Yoder Walt: cb; Lamond Don: batt; Woody Herman and His Orchestra
650 ## - SUBJECT ADDED ENTRY--TOPICAL TERM
Topical term or geographic name as entry element JAZZ [CASSETTE]
Relator term Codice MATERIA SPICS: 9951
9 (RLIN) 1831
700 ## - ADDED ENTRY--PERSONAL NAME
Personal name Chaloff Serge
Dates associated with a name Codice interprete SPICS: 18839
Relator term Interprete
9 (RLIN) 21599
700 ## - ADDED ENTRY--PERSONAL NAME
Personal name Lawrence
Dates associated with a name Codice autore musica SPICS: 20267
Relator term Autore musica
Name of part/section of a work A. Handful of Stars
9 (RLIN) 21600
700 ## - ADDED ENTRY--PERSONAL NAME
Personal name Shapiro S.
Dates associated with a name Codice autore SPICS: 20268
Relator term Autore
Name of part/section of a work A. Handful of Stars
9 (RLIN) 21601
700 ## - ADDED ENTRY--PERSONAL NAME
Personal name Cohn Al
Dates associated with a name Codice autore musica SPICS: 10711
Relator term Autore musica
Name of part/section of a work The Goof and I
9 (RLIN) 21602
700 ## - ADDED ENTRY--PERSONAL NAME
Personal name Robin Leo
Dates associated with a name Codice autore musica SPICS: 20175
Relator term Autore musica
Name of part/section of a work Thanks For the Memory
9 (RLIN) 21603
700 ## - ADDED ENTRY--PERSONAL NAME
Personal name Rainger Ralph
Dates associated with a name Codice autore SPICS: 20269
Relator term Autore
Name of part/section of a work Thanks For the Memory
9 (RLIN) 21604
700 ## - ADDED ENTRY--PERSONAL NAME
Personal name Kern Jerome
Dates associated with a name Codice autore musica SPICS: 10779
Relator term Autore musica
Name of part/section of a work All the Things You Are
9 (RLIN) 21605
700 ## - ADDED ENTRY--PERSONAL NAME
Personal name Hammerstein Oscar
Dates associated with a name Codice autore SPICS: 15701
Relator term Autore
Name of part/section of a work All the Things You Are
9 (RLIN) 21606
700 ## - ADDED ENTRY--PERSONAL NAME
Personal name Malneck
Dates associated with a name Codice autore musica SPICS: 15748
Relator term Autore musica
Name of part/section of a work Stairway To the Stars
9 (RLIN) 21607
700 ## - ADDED ENTRY--PERSONAL NAME
Personal name Signorelli
Dates associated with a name Codice autore SPICS: 15747
Relator term Autore
Name of part/section of a work Stairway To the Stars
9 (RLIN) 21608
700 ## - ADDED ENTRY--PERSONAL NAME
Personal name Parish James Robert
Dates associated with a name Codice autore testo/musica SPICS: 8387
Relator term Autore testo/musica
Name of part/section of a work Stairway To the Stars
9 (RLIN) 21609
700 ## - ADDED ENTRY--PERSONAL NAME
Personal name Arlen Harold
Dates associated with a name Codice autore musica SPICS: 13025
Relator term Autore musica
Name of part/section of a work I've Got the World On A String
9 (RLIN) 21610
700 ## - ADDED ENTRY--PERSONAL NAME
Personal name Koehler
Dates associated with a name Codice autore SPICS: 20270
Relator term Autore
Name of part/section of a work I've Got the World On A String
9 (RLIN) 21611
700 ## - ADDED ENTRY--PERSONAL NAME
Personal name Chaloff Serge
Dates associated with a name Codice autore musica SPICS: 18839
Relator term Autore musica
Name of part/section of a work Susie's Blues
9 (RLIN) 21612
700 ## - ADDED ENTRY--PERSONAL NAME
Personal name Rodgers Richard
Dates associated with a name Codice autore musica SPICS: 11120
Relator term Autore musica
Name of part/section of a work Kean and Peacy
9 (RLIN) 21613
700 ## - ADDED ENTRY--PERSONAL NAME
Personal name Burns Ralph
Dates associated with a name Codice autore SPICS: 20271
Relator term Autore
Name of part/section of a work Kean and Peacy
9 (RLIN) 21614
942 ## - ADDED ENTRY ELEMENTS (KOHA)
Koha item type MUSICASSETTE
Source of classification or shelving scheme Dewey Decimal Classification
Dati di copia
Withdrawn status Lost status Damaged status Not for loan Home library Current library Date acquired Total Checkouts Full call number Date last seen Price effective from Koha item type Public note
    Buone Condizioni Not For Loan SPICS-MEDIATECA SPICS-MEDIATECA 25/10/2013   40460 25/10/2013 25/10/2013 MUSICASSETTE Progr. Ins.: 14257 / N.Vol.: 1 / Copie: 1 - Copia rara: n.d. / date import: 01.01.2014 - By Epidotti, Trombetti, Vaglietti
CREDITS: SOCIETA' SAN PAOLO Via A.Severo, 58 - ROMA (RM) & PERIODICI SAN PAOLO SRL Via Giotto, 36 MILANO & CISF Via Giotto, 36 MILANO & EDIZIONI SAN PAOLO SRL,  Piazza Soncino, 5 CINISELLO BALSAMO (MI) -- ITALY